Normal view
MARC view
- Active server pages
Entry Uniform Title
001 - CONTROL NUMBER
- control field: 8024
003 - CONTROL NUMBER IDENTIFIER
- control field: KE-NaSUL
005 - DATE AND TIME OF LATEST TRANSACTION
- control field: 20250825140050.0
008 - FIXED-LENGTH DATA ELEMENTS
- fixed length control field: 250825|| aca||aabn | a|a d
040 ## - CATALOGING SOURCE
- Original cataloging agency: KE-NaSUL
- Transcribing agency: KE-NaSUL
130 ## - HEADING--UNIFORM TITLE
- Uniform title: Active server pages
670 ## - SOURCE DATA FOUND
- Source citation: Work cat.: (KE-NaSUL)4869: Buczek, Greg. 8023, Instant ASP components /, c2000.